Ensayo sobre el sistema de hacienda que podría adoptarse en España y el modo de uniformar y estinguir la deuda pública / (Record no. 156070)

MARC details
000 -LEADER
campo de control de longitud fija 00833nam a2200181 i 4500
001 - NÚMERO DE CONTROL
campo de control 156070
003 - IDENTIFICADOR DE NÚMERO DE CONTROL
campo de control ES-MaACL
005 - FECHA Y HORA DE LA ÚLTIMA TRANSACCIÓN
campo de control 20230906210317.0
008 - DATOS DE LONGITUD FIJA--INFORMACIÓN GENERAL
campo de control de longitud fija 020717s1836 sp |||| | spa d
100 1# - ENTRADA PRINCIPAL--NOMBRE DE PERSONA
Nombre de persona Irazábal, Joaquín de (
Fechas asociadas al nombre m. 1849)
9 (RLIN) 128196
245 10 - MENCIÓN DEL TÍTULO
Título Ensayo sobre el sistema de hacienda que podría adoptarse en España y el modo de uniformar y estinguir la deuda pública /
Mención de responsabilidad, etc. por Joaquín de Irazábal.
260 ## - PUBLICACIÓN, DISTRIBUCIÓN, ETC.
Lugar de publicación, distribución, etc. Madrid :
Nombre del editor, distribuidor, etc. [s.n.],
Fecha de publicación, distribución, etc. 1836 (
Fabricante Imp. de Ramón Verges)
300 ## - DESCRIPCIÓN FÍSICA
Extensión 71, [4] p., [1] h. pleg. ;
Dimensiones 29 cm.
505 8# - NOTA DE CONTENIDO CON FORMATO
Nota de contenido con formato Contiene: Apéndice al ensayo de don Joaquín de Irazábal... / por Cayetano Romero (4 p.)
650 04 - PUNTO DE ACCESO ADICIONAL DE MATERIA--TÉRMINO DE MATERIA
Término de materia o nombre geográfico como elemento de entrada Hacienda pública-
Subdivisión geográfica España.
9 (RLIN) 13281
700 1# - ENTRADA AGREGADA--NOMBRE PERSONAL
Nombre de persona Romero, Cayetano.
9 (RLIN) 99312
852 ## - LOCALIZACIÓN
Ubicación ES-MaACL
Número de control de estantería R-2659(2)
Encuadernación Olim:T-50-F
Nota libre - Enc. hol.
-- - Enc. en un vol. facticio
Holdings
Estatus retirado Estado de pérdida Estado de daño No para préstamo Colección Biblioteca de origen Biblioteca actual Ubicación en estantería Fecha de adquisición Fuente de adquisición Total de préstamos Signatura topográfica completa Código de barras Visto por última vez Precio de reemplazo Tipo de ítem Koha
        Libros del s. XIX Biblioteca del Ateneo de Madrid Biblioteca del Ateneo de Madrid Depósito 17/01/2008     R-2659(2) 1163277 23/02/2023 23/02/2023 Libro impreso antiguo